Business Research Methods (Record no. 9923)

MARC details
000 -LEADER
fixed length control field 00337nam a22001337a 4500
008 - FIXED-LENGTH DATA ELEMENTS--GENERAL INFORMATION
fixed length control field 240729b |||||||| |||| 00| 0 eng d
020 ## - INTERNATIONAL STANDARD BOOK NUMBER
International Standard Book Number 9789332585515
082 ## - DEWEY DECIMAL CLASSIFICATION NUMBER
Edition number 2nd
Classification number 658.07 BAJ
100 ## - MAIN ENTRY--PERSONAL NAME
Personal name Bajpai, Naval
245 ## - TITLE STATEMENT
Title Business Research Methods
260 ## - PUBLICATION, DISTRIBUTION, ETC.
Place of publication, distribution, etc. India
Name of publisher, distributor, etc. Pearson
Date of publication, distribution, etc. 2017
300 ## - PHYSICAL DESCRIPTION
Extent xxxvi, 851p.
Dimensions 20cm
942 ## - Added entry Elements (Koha)
Source of classification or shelving scheme Dewey Decimal Classification
Edition 2ne
Holdings
Withdrawn status Lost status Source of classification or shelving scheme Damaged status Not for loan Collection code Home library Current library Shelving location Date acquired Cost, normal purchase price Serial Enumeration / chronology Total Checkouts Total Renewals Full call number Barcode Checked out Date last seen Date last checked out Price effective from Koha item type
    Dewey Decimal Classification     Main TEST RTC Library RTC Library Main opac 29/07/2024 798.00 18420 2 6 658.07 BAJ 30019761 15/05/2026 22/07/2025 22/07/2025 29/07/2024 Main
Royal Thimphu College || All Right Reserved